000 004520000a22001810004500
001 000088
003 MACL
005 20150707132309.0
008 150707b xxu||||| |||| 00| 0 eng d
040 _aMACL
_cMACL
041 _aEnglish
100 _aPetersen, P.Hartmann
_91089
245 _aDictionary Of Science
_cHartmann Petersen
260 _aUniversal Book Stall,
_c1999
_bNew Delhi
350 _a120
650 _ascience
_91090
942 _k503
_cBK
_2ddc
999 _c90
_d90